MARC details
| 000 -CABECERA |
| campo de control de longitud fija |
01082nam a2200301 a 4500 |
| 001 - NÚMERO DE CONTROL |
| campo de control |
000024834 |
| 005 - FECHA Y HORA DE LA ÚLTIMA TRANSACCIÓN |
| campo de control |
20200930023410.0 |
| 008 - DATOS DE LONGITUD FIJA--INFORMACIÓN GENERAL |
| campo de control de longitud fija |
110203s1997 sp r 000 | spa d |
| 020 ## - NÚMERO INTERNACIONAL ESTÁNDAR DEL LIBRO |
| Número Internacional Estándar del Libro |
8474261112 |
| 040 ## - FUENTE DE LA CATALOGACIÓN |
| Centro catalogador/agencia de origen |
DO-SdBNP |
| Lengua de catalogación |
spa |
| Centro/agencia transcriptor |
BNPHU |
| 041 17 - CÓDIGO DE LENGUA |
| Código de lengua del texto/banda sonora o título independiente |
ger |
| Código de lengua original |
spa |
| Fuente del código |
Código de idioma MARC |
| 082 ## - NÚMERO DE LA CLASIFICACIÓN DECIMAL DEWEY |
| Número de clasificación |
831.6 |
| Número de documento/Ítem |
N935h |
| 049 ## - FONDOS LOCALES (OCLC) |
| Fondos de biblioteca |
BNGR |
| 100 1# - ENTRADA PRINCIPAL--NOMBRE DE PERSONA |
| Nombre de persona |
Novalis, |
| Fechas asociadas al nombre |
1772-1801 |
| Forma completa/desarrollada del nombre |
Friedrich von Hardenberg |
| 9 (RLIN) |
50974 |
| 240 10 - TÍTULO UNIFORME |
| Título uniforme |
Hymnen an die Nacht. |
| Lenguaje de la obra |
Español |
| 245 10 - MENCIÓN DE TÍTULO |
| Título |
Himnos a la noche / |
| Mención de responsabilidad, etc. |
Novalis ; traducción José María Valverde ; introducción Rafael Argullol; edición P. Kluckhohn y R. Samuel. |
| 260 ## - PUBLICACIÓN, DISTRIBUCIÓN, ETC. |
| Lugar de publicación, distribución, etc. |
Quito, (Ecuador) : |
| Nombre del editor, distribuidor, etc. |
Icaria Editorial , |
| Fecha de publicación, distribución, etc. |
1997. |
| 300 ## - DESCRIPCIÓN FÍSICA |
| Extensión |
182 p. ; |
| Dimensiones |
21 cm. |
| 490 1# - MENCIÓN DE SERIE |
| Mención de serie |
Icaria Literaria |
| Designación de volumen o secuencia |
25 |
| 534 ## - NOTA SOBRE LA VERSIÓN ORIGINAL |
| Encabezamiento principal del original |
Título original : |
| Mención de título del original |
Hymnen an die Nacht |
| 650 #4 - PUNTO DE ACCESO ADICIONAL DE MATERIA--TÉRMINO DE MATERIA |
| Término de materia o nombre geográfico como elemento de entrada |
Poesía alemana |
| 9 (RLIN) |
8862 |
| 650 #4 - PUNTO DE ACCESO ADICIONAL DE MATERIA--TÉRMINO DE MATERIA |
| Término de materia o nombre geográfico como elemento de entrada |
Literatura alemana |
| 9 (RLIN) |
3274 |
| 700 1# - PUNTO DE ACCESO ADICIONAL--NOMBRE DE PERSONA |
| Nombre de persona |
Valverde, José María, |
| Término indicativo de función/relación |
tr. |
| 9 (RLIN) |
42706 |
| 700 1# - PUNTO DE ACCESO ADICIONAL--NOMBRE DE PERSONA |
| Nombre de persona |
Argullol, Rafael, |
| Término indicativo de función/relación |
intr. |
| 9 (RLIN) |
50975 |
| 700 1# - PUNTO DE ACCESO ADICIONAL--NOMBRE DE PERSONA |
| Nombre de persona |
Kluckhohn, P., |
| Término indicativo de función/relación |
ed. |
| 9 (RLIN) |
50976 |
| 700 1# - PUNTO DE ACCESO ADICIONAL--NOMBRE DE PERSONA |
| Nombre de persona |
Samuel, R., |
| Término indicativo de función/relación |
ed. |
| 9 (RLIN) |
50977 |
| 830 #0 - PUNTO DE ACCESO ADICIONAL DE SERIE-TÍTULO UNIFORME |
| Título uniforme |
Icaria Literaria; |
| Designación de volumen o secuencia |
25 |
| 9 (RLIN) |
13591 |